Physical optics (Record no. 5087)

MARC details
000 -LEADER
fixed length control field 00499nam a22001937a 4500
003 - CONTROL NUMBER IDENTIFIER
control field OSt
005 - DATE AND TIME OF LATEST TRANSACTION
control field 20160823175148.0
008 - FIXED-LENGTH DATA ELEMENTS--GENERAL INFORMATION
fixed length control field 160823b xxu||||| |||| 00| 0 eng d
020 ## - INTERNATIONAL STANDARD BOOK NUMBER
International Standard Book Number 0198517955
040 ## - CATALOGING SOURCE
Transcribing agency DDC
082 ## - DEWEY DECIMAL CLASSIFICATION NUMBER
Edition number 535 PEA 1997
100 ## - MAIN ENTRY--PERSONAL NAME
Personal name Peatross, Justin; Ware, Michale
9 (RLIN) 10915
245 ## - TITLE STATEMENT
Title Physical optics
260 ## - PUBLICATION, DISTRIBUTION, ETC. (IMPRINT)
Place of publication, distribution, etc. Oxford University Press, 1997
300 ## - PHYSICAL DESCRIPTION
Extent viii, 341p; ill: 26cm
504 ## - BIBLIOGRAPHY, ETC. NOTE
Bibliography, etc Bibliograhy, & index included
650 ## - SUBJECT ADDED ENTRY--TOPICAL TERM
Topical term or geographic name as entry element Optics
9 (RLIN) 780
942 ## - ADDED ENTRY ELEMENTS (KOHA)
Source of classification or shelving scheme Other/Generic Classification Scheme
Koha item type Open Shelf
Holdings
Withdrawn status Lost status Source of classification or shelving scheme Damaged status Not for loan Home library Current library Date acquired Source of acquisition Inventory number Total Checkouts Barcode Date last seen Koha item type
    Dewey Decimal Classification     MUST Main Library MUST Main Library 23/08/2016   14/37450   2016-3839 23/08/2016 Open Shelf